000 00315nam a22001337a 4500
008 180928b xxu||||| |||| 00| 0 eng d
020 _a9780805321852
041 _aeng
080 _a541
100 _a12
101 _aKIM
245 _aGeneral Organic And Biological Chemiatry
_cKaren /c.t
942 _2udc
_cBK
999 _c48693
_d48693